The testimony of Mr. Bones : (Record no. 200468101)

MARC details
000 -LEADER
fixed length control field 01359cam a2200409 i 4500
001 - CONTROL NUMBER
control field 200468101
003 - CONTROL NUMBER IDENTIFIER
control field TR-AnTOB
005 - DATE AND TIME OF LATEST TRANSACTION
control field 20260414102513.0
007 - PHYSICAL DESCRIPTION FIXED FIELD--GENERAL INFORMATION
fixed length control field ta
008 - FIXED-LENGTH DATA ELEMENTS--GENERAL INFORMATION
fixed length control field 260414s1989 nmu 000 1 eng
010 ## - LIBRARY OF CONGRESS CONTROL NUMBER
LC control number 89020215
020 ## - INTERNATIONAL STANDARD BOOK NUMBER
International Standard Book Number 0913793116
Qualifying information (paperback)
International Standard Book Number 9780913793114
035 ## - SYSTEM CONTROL NUMBER
System control number (CLU)1380702-ucladb-Voyager
System control number (OCoLC)20261202
System control number (OCoLC)ocm20261202
System control number (EXLNZ-01UCS_NETWORK)9913030360506531
System control number (TR-AnTOB)200468101
040 ## - CATALOGING SOURCE
Original cataloging agency DLC
Language of cataloging eng
Description conventions rda
Transcribing agency DLC
Modifying agency BTCTA
-- YDXCP
-- OCLCF
-- CHVBK
-- OCLCO
-- OCLCQ
-- OCL
-- OCLCO
-- PUL
-- OCLCO
-- OCLCL
-- TR-AnTOB
041 0# - LANGUAGE CODE
Language code of text/sound track or separate title İngilizce
043 ## - GEOGRAPHIC AREA CODE
Geographic area code n-us---
050 04 - LIBRARY OF CONGRESS CALL NUMBER
Classification number PS3557.H55
Item number T4 1989
090 ## - LOCALLY ASSIGNED LC-TYPE CALL NUMBER (OCLC); LOCAL CALL NUMBER (RLIN)
Classification number (OCLC) (R) ; Classification number, CALL (RLIN) (NR) PS3557.H55
Local cutter number (OCLC) ; Book number/undivided call number, CALL (RLIN) T4 1989
100 1# - MAIN ENTRY--PERSONAL NAME
Personal name Ghiselin, Olive
Relator term author
Relator code aut
9 (RLIN) 153639
245 14 - TITLE STATEMENT
Title The testimony of Mr. Bones :
Remainder of title stories /
Statement of responsibility, etc. by Olive Ghiselin.
250 ## - EDITION STATEMENT
Edition statement First edition.
264 #1 - PRODUCTION, PUBLICATION, DISTRIBUTION, MANUFACTURE, AND COPYRIGHT NOTICE
Place of production, publication, distribution, manufacture Santa Fe, N.M. :
Name of producer, publisher, distributor, manufacturer Teal Press,
Date of production, publication, distribution, manufacture, or copyright notice 1989.
300 ## - PHYSICAL DESCRIPTION
Extent 151 pages ;
Dimensions 24 cm
336 ## - CONTENT TYPE
Content type term text
Content type code txt
Source rdacontent
337 ## - MEDIA TYPE
Media type term unmediated
Media type code n
Source rdamedia
338 ## - CARRIER TYPE
Carrier type term volume
Carrier type code nc
Source rdacarrier
651 #0 - SUBJECT ADDED ENTRY--GEOGRAPHIC NAME
Geographic name United States
General subdivision Social life and customs
Chronological subdivision 20th century
Form subdivision Fiction
9 (RLIN) 5442
655 #7 - INDEX TERM--GENRE/FORM
Genre/form data or focus term Fiction
Source of term lcgft
Authority record control number http://id.loc.gov/authorities/genreForms/gf2014026339
9 (RLIN) 151487
942 ## - ADDED ENTRY ELEMENTS (KOHA)
Source of classification or shelving scheme Library of Congress Classification
Koha item type Book
Holdings
Withdrawn status Lost status Source of classification or shelving scheme Damaged status Not for loan Collection code Home library Current library Shelving location Date acquired Source of acquisition Inventory number Total Checkouts Full call number Barcode Date last seen Copy number Date shelved Koha item type Public note
    Library of Congress Classification Kullanılmış / Used Ödünç Verilemez-Kurumiçi kullanım / Not for loan-For inhouse use Genel Koleksiyon Tıp Fakültesi Medikal Kütüphane Tıp Fakültesi Medikal Kütüphane Genel Koleksiyon / Main Collection 18/03/2026 Bağış / Donation İDE   PS3557.H55 T4 1989 TıpFaK TF03091 14/04/2026 1 14/04/2026 Book Donated by Prof. Dr. Şükrü Cin
Devinim Yazılım Eğitim Danışmanlık tarafından Koha'nın orjinal sürümü uyarlanarak geliştirilip kurulmuştur.